Detalles MARC
| 000 -LEADER |
| fixed length control field |
02340nam a2200517 i 4500 |
| 001 - CONTROL NUMBER |
| control field |
DIGANAGRA0248 |
| 003 - CONTROL NUMBER IDENTIFIER |
| control field |
NyNyDIG |
| 006 - FIXED-LENGTH DATA ELEMENTS--ADDITIONAL MATERIAL CHARACTERISTICS |
| fixed length control field |
m o d |
| 007 - PHYSICAL DESCRIPTION FIXED FIELD--GENERAL INFORMATION |
| fixed length control field |
cr ||||||||||| |
| 008 - FIXED-LENGTH DATA ELEMENTS--GENERAL INFORMATION |
| fixed length control field |
210209s2016 sp o 000 0 spa d |
| 035 ## - SYSTEM CONTROL NUMBER |
| System control number |
(OCoLC)1237797578 |
| 040 ## - CATALOGING SOURCE |
| Original cataloging agency |
DGITA |
| Language of cataloging |
eng |
| Description conventions |
rda |
| -- |
pn |
| Transcribing agency |
DGITA |
| 020 ## - INTERNATIONAL STANDARD BOOK NUMBER |
| International Standard Book Number |
9788433937087 |
| Qualifying information |
eBook |
| 020 ## - INTERNATIONAL STANDARD BOOK NUMBER |
| Canceled/invalid ISBN |
9788433964014 |
| 041 1# - LANGUAGE CODE |
| Language code of text/sound track or separate title |
spa |
| Language code of original |
eng |
| 043 ## - GEOGRAPHIC AREA CODE |
| Geographic area code |
e------ |
| 050 14 - LIBRARY OF CONGRESS CALL NUMBER |
| Classification number |
JV6346 eBook |
| 082 04 - DEWEY DECIMAL CLASSIFICATION NUMBER |
| Classification number |
325.21094 |
| 100 1# - MAIN ENTRY--PERSONAL NAME |
| Personal name |
Žižek, Slavoj, |
| Relator term |
author. |
| 240 10 - UNIFORM TITLE |
| Uniform title |
Against the double blackmail. |
| Language of a work |
Spanish |
| Version |
(Alou) |
| 245 13 - TITLE STATEMENT |
| Title |
La nueva lucha de clases : |
| Remainder of title |
los refugiados y el terror / |
| Statement of responsibility, etc. |
Slavoj Žižek ; traducción, Damià Alou. |
| 250 ## - EDITION STATEMENT |
| Edition statement |
Edición en formato digital. |
| 264 #1 - PRODUCTION, PUBLICATION, DISTRIBUTION, MANUFACTURE, AND COPYRIGHT NOTICE |
| Place of production, publication, distribution, manufacture |
Barcelona : |
| Name of producer, publisher, distributor, manufacturer |
Editorial Anagrama, |
| Date of production, publication, distribution, manufacture, or copyright notice |
[2016] |
| 300 ## - PHYSICAL DESCRIPTION |
| Extent |
1 online resource. |
| 336 ## - CONTENT TYPE |
| Content type term |
text |
| Content type code |
txt |
| Source |
rdacontent |
| 337 ## - MEDIA TYPE |
| Media type term |
computer |
| Media type code |
c |
| Source |
rdamedia |
| 338 ## - CARRIER TYPE |
| Carrier type term |
online resource |
| Carrier type code |
cr |
| Source |
rdacarrier |
| 347 ## - DIGITAL FILE CHARACTERISTICS |
| File type |
text file |
| Source |
rdaft |
| 347 ## - DIGITAL FILE CHARACTERISTICS |
| Encoding format |
EPUB |
| 490 1# - SERIES STATEMENT |
| Series statement |
Colección Argumentos |
| 505 0# - FORMATTED CONTENTS NOTE |
| Formatted contents note |
El doble chantaje -- Un descenso al Maelstrom -- Romper los tabúes de la izquierda -- El obsceno envés de las religiones -- Violencia divina -- La economía política de los refugiados -- De las guerras culturales a la lucha de clases...y viceversa -- ¿De dónde procede la amenaza? -- Los límites del amor al prójimo -- Los odiosos mil en Colonia -- ¿Qué hacer? |
| 588 0# - SOURCE OF DESCRIPTION NOTE |
| Source of description note |
Online resource; title from ePub title page (Digitalia, viewed February 9, 2021) |
| 650 #0 - SUBJECT ADDED ENTRY--TOPICAL TERM |
| Topical term or geographic name entry element |
Refugees |
| Geographic subdivision |
Europe. |
| 650 #0 - SUBJECT ADDED ENTRY--TOPICAL TERM |
| Topical term or geographic name entry element |
Refugees |
| General subdivision |
International cooperation. |
| 651 #0 - SUBJECT ADDED ENTRY--GEOGRAPHIC NAME |
| Geographic name |
Europe |
| General subdivision |
Emigration and immigration |
| -- |
Government policy. |
| 655 #0 - INDEX TERM--GENRE/FORM |
| Genre/form data or focus term |
Electronic books. |
| 700 1# - ADDED ENTRY--PERSONAL NAME |
| Personal name |
Alou, Damià, |
| Dates associated with a name |
1959- |
| Relator term |
translator. |
| 700 1# - ADDED ENTRY--PERSONAL NAME |
| Relationship information |
Translation of: |
| Personal name |
Žižek, Slavoj. |
| Title of a work |
Against the double blackmail. |
| 776 08 - ADDITIONAL PHYSICAL FORM ENTRY |
| Relationship information |
Print version: |
| Main entry heading |
Žižek, Slavoj. |
| Uniform title |
Against the double blackmail. Spanish (Alou). |
| Title |
Nueva lucha de clases. |
| Place, publisher, and date of publication |
Barcelona : Editorial Anagrama, 2016 |
| International Standard Book Number |
9788433964014 |
| 791 2# - |
| -- |
Digitalia (Firm), |
| -- |
distributor. |
| 793 0# - |
| -- |
Digitalia Hispánica eBook Collection: |
| -- |
Anagrama |
| 830 #0 - SERIES ADDED ENTRY--UNIFORM TITLE |
| Uniform title |
Colección Argumentos (Editorial Anagrama) ; |
| Volume/sequential designation |
498. |
| 856 40 - ELECTRONIC LOCATION AND ACCESS |
| Materials specified |
Digitalia Hispánica |
| Uniform Resource Identifier |
<a href="https://www.digitaliapublishing.com/a/42389/">https://www.digitaliapublishing.com/a/42389/</a> |
| 910 ## - USER-OPTION DATA (OCLC) |
| User-option data |
Premium Collection: 2021 |
| 942 ## - ADDED ENTRY ELEMENTS (KOHA) |
| Koha item type |
Recurso Electrónico |